LEADER 01323nas 2200421-a 450 001 996217389303316 005 20211110213021.0 035 $a(OCoLC)60622550 035 $a(CKB)960238801433 035 $a(CONSER)--2012236805 035 $a(EXLCZ)99960238801433 100 $a20050614a19749999 s-- - 101 0 $aeng 135 $aurun||||||||| 181 $ctxt$2rdacontent 182 $cc$2rdamedia 183 $acr$2rdacarrier 200 10$aJournal of instructional psychology 210 $a[Milwaukee, Wis.] $c[V-U Pub. Co.] 215 $a1 online resource (volumes) 300 $aRefereed/Peer-reviewed 311 $a0094-1956 606 $aEducational psychology$vPeriodicals 606 $aPsychopédagogie$vPériodiques 606 $aEducational Technology$2ebps 606 $aEducational Psychology$2ebps$3(uri) http://id.worldcat.org/fast/fst00903571 606 $aEducational psychology$2fast$3(OCoLC)fst00903571 608 $aPeriodicals.$2fast 615 0$aEducational psychology 615 6$aPsychopédagogie 615 7$aEducational Technology. 615 7$aEducational Psychology. 615 7$aEducational psychology. 676 $a370.15/05 906 $aJOURNAL 912 $a996217389303316 996 $aJournal of instructional psychology$91968266 997 $aUNISA LEADER 00644oam 2200193z- 450 001 996575046303316 010 $a1-66544-567-X 035 $a(CKB)4100000011974787 035 $a(EXLCZ)994100000011974787 100 $a20220628c2021uuuu -u- - 101 0 $aeng 200 00$a2021 IEEE/ACM 4th International Workshop on Emerging Trends in Software Engineering for Blockchain (WETSEB) 210 $cIEEE 311 $a1-66544-568-8 517 $a2021 IEEE/ACM 4th International Workshop on Emerging Trends in Software Engineering for Blockchain 906 $aPROCEEDING 912 $a996575046303316 996 $a2021 IEEE$92518023 997 $aUNISA